LEADER 01059nam0-2200349---450- 001 990009631210403321 005 20121011121316.0 010 $a978-88-06-20684-0 035 $a000963121 035 $aFED01000963121 035 $a(Aleph)000963121FED01 035 $a000963121 100 $a20121011d2011----km-y0itay50------ba 101 1 $aita 102 $aIT 105 $ay-------001yy 200 1 $aSociologia della globalizzazione$eLuke Martell 210 $aTorino$cEinaudi$d2011 215 $aXXIX, 404 p.$d21 cm 225 1 $aPiccola biblioteca Einaudi$iNuova serie$v540 300 $aTraduzione di Emilia Sala, Roberta Ghivarello 300 $aTitolo originale: The sociology of globalization 610 0 $aEconomia mondiale$aAspetti socio-culturali 676 $a303.482$v22$zita 700 1$aMartell,$bLuke$0475834 801 0$aIT$bUNINA$gREICAT$2UNIMARC 901 $aBK 912 $a990009631210403321 952 $aCollez. 1955 (540)$b49450$fFSPBC 959 $aFSPBC 996 $aSociology of globalization$938079 997 $aUNINA LEADER 00992nam a22002891i 4500 001 991004111939707536 005 20031015060301.0 008 031111s1977 it |||||||||||||||||ita 020 $a8834002202 035 $ab12523069-39ule_inst 035 $aARCHE-055633$9ExL 040 $aDip.to Lingue$bita$cA.t.i. Arché s.c.r.l. Pandora Sicilia s.r.l. 082 04$a294.34 100 1 $aBharati, Agehananda$0458078 245 13$aLa tradizione tantrica /$cAgehananda Bharati 260 $aRoma :$bUbaldini,$c[1977] 300 $a293 p. ;$c21 cm 440 0$aCiviltà dell'Oriente 500 $aTrad. di Vincenzina Mazzarino 650 4$aBuddismo 765 0 $tTantric tradition 907 $a.b12523069$b02-04-14$c13-11-03 912 $a991004111939707536 945 $aLE012 294.34 BHA$g1$i2012000176621$lle012$o-$pE0.00$q-$rl$s- $t0$u0$v0$w0$x0$y.i12965005$z13-11-03 996 $aTradizione tantrica$9184420 997 $aUNISALENTO 998 $ale012$b13-11-03$cm$da $e-$fita$git $h3$i1